Responses for Show #7778 - Wednesday, June 6, 2018

Contestants

[<< previous game]

Sharron Jenkins, an online E.S.L. teacher from Missouri City, Texas

Michelle Rosen, a Ph.D. candidate from Cambridge, Massachusetts

Joe Castro, a comptroller from Pasadena, California (whose 1-day cash winnings total $9,384)

[next game >>]

Jeopardy! Round responses

A JOURNEY OF YOUR PIERS
AROUND THE HOUSE
CALL ME BY YOUR NAME
"CO"-OPERATIVE
WORLD HISTORY
COMIC RELIEF
    $200 23
the Baltic Sea

Sharron
    $200 14
curtains

Michelle
    $200 13
jim-dandy

Triple Stumper
    $200 8
a beacon

Michelle
    $200 3
Hernan Cortes

Sharron
    $200 1
Ellen (DeGeneres)

Joe
    $400 24
Mount Fuji

Michelle
    $400 15
an oven

Joe
    $400 19
billy

Michelle
    $400 9
bacon

Joe
    $400 4
the Tutsi

Michelle
    $400 2
Samantha Bee

Sharron
    $600 25
(Sharron: What is Baltimore?)
(Joe: What is New York?)
...
(Alex: Less than a minute now.)

Chicago

JoeMichelleSharron
    $600 16
La-Z-Boy

Michelle
    $600 20
bobby pins

Sharron
    $600 10
recovered

Triple Stumper
    $600 5
Taiwan

Michelle
    $600 28
[The end-of-round signal sounds.]

Mindy Kaling

Joe
    $800 26
The Hague

Michelle
    $800 17
grout

Joe
    $800 21
Johnny

Sharron
    $800 11
precocious

Michelle
    $800 6
[As Alex reads the clue, he gives the dates as 1920 to 1988, acknowledging the error after the selection of the next clue.]

the bonnie Prince Charlie

Michelle
    $1000 27
(Sharron: What is Venice Beach?)

Santa Monica

MichelleSharron
    $1000 18
(Joe: Ah... what's a tabernacle?)

a credenza

Joe
Triple Stumper
    $1000 22
tommyrot

Sharron
    $1000 12
deacon

Triple Stumper
    $1,000 7
an oligarchy

Michelle

Scores at the first commercial break (after clue 15):

Joe Michelle Sharron
$1,000 $4,000 $600

Scores at the end of the Jeopardy! Round:

Joe Michelle Sharron
$800 $7,800 $1,600

Double Jeopardy! Round responses

THE SCIENCE OF MECHANICS
A HARRY CATEGORY
LITERARY OOPS!
PRIZE PACKAGES
KING JAMES BIBLE COMMON WORDS
COMICS RELIEF
    $400 19
a lever

Joe
    $400 6
Harry Truman

Sharron
    $400 1
the electric chair

Joe
    $400 16
the Nobel Prize

Michelle
    $400 11
(Michelle: What is in?)

and

Michelle
Triple Stumper
    $400 26
Aquaman

Joe
    $800 20
a position

Triple Stumper
    $800 7
Harry Connick Jr.

Joe
    $800 2
an eclipse

Joe
    $800 17
Miss America

Sharron
    $800 12
nakedness

Joe
    $1200 21
kinetic energy

Joe
    $1200 8
Meghan Markle

Sharron
    $2,000 3
a cannon

Joe
    $1200 18
the MacArthur Genius award

Michelle
    $1200 13
(Sharron: What's Jericho?)

Jerusalem

Sharron
Triple Stumper
    $1600 22
work

Michelle
    $1600 9
superglue

Sharron
    $1600 4
The Prince and the Pauper

Joe
    $1600 24
the Peabody Award

Triple Stumper
    $1600 14
behold

Sharron
    $3,000 23
(Alex: With less than a minute to go.)

inertia

Michelle
    $2000 10
Harry Blackmun

Triple Stumper
    $2000 5
Costa Rica

Triple Stumper
    $2000 25
the Pritzker Prize

Triple Stumper
    $2000 15
(Michelle: What is shall?)

shalt

MichelleSharron
    $2000 27
[The end-of-round signal sounds.]

the Black Panther

Michelle

Scores at the end of the Double Jeopardy! Round:

Joe Michelle Sharron
$9,200 $13,600 $8,000

[wagering suggestions for these scores]

Final Jeopardy! Round responses

GAMES
SharronWhat is Queen?
$5,700
JoeWhat is the queen?
$9,199
MichelleWhat is the Queen?
$4,801
the queen

Final scores:

Joe Michelle Sharron
$18,399 $18,401 $13,700
2nd place: $2,000 New champion: $18,401 3rd place: $1,000

Game dynamics:

Coryat scores:

Joe Michelle Sharron
$8,400 $12,600 $8,000
14 R
(including 1 DD),
2 W
18 R
(including 2 DDs),
2 W
12 R,
3 W

Combined Coryat: $29,000

[game clues] [game scores] [suggest correction]

Game tape date: 2018-02-13
The J! Archive is created by fans, for fans. Scraping, republication, monetization, and malicious use prohibited; this site may use cookies and collect identifying information. See terms. The Jeopardy! game show and all elements thereof, including but not limited to copyright and trademark thereto, are the property of Jeopardy Productions, Inc. and are protected under law. This website is not affiliated with, sponsored by, or operated by Jeopardy Productions, Inc. Join the discussion at JBoard.tv.